Atlas diagrámico de la producción nacional española en su aplicación á los servicios administrativos del ramo de Guerra (Record no. 102800)

MARC details
000 -LEADER
campo de control de longitud fija 00791nam a2200181 i 4500
001 - NÚMERO DE CONTROL
campo de control 102800
003 - IDENTIFICADOR DE NÚMERO DE CONTROL
campo de control ES-MaACL
007 - CAMPO FIJO DE DESCRIPCIÓN FÍSICA--INFORMACIÓN GENERAL
campo de control de longitud fija t|
008 - DATOS DE LONGITUD FIJA--INFORMACIÓN GENERAL
campo de control de longitud fija 051207q1908 sp s ||||1| spa d
080 ## - NÚMERO DE LA CLASIFICACIÓN DECIMAL UNIVERSAL
Número de la Clasificación Decimal Universal 330.55(460)
245 00 - MENCIÓN DEL TÍTULO
Título Atlas diagrámico de la producción nacional española en su aplicación á los servicios administrativos del ramo de Guerra
Resto del título : correspondiente al año 1907 /
Mención de responsabilidad, etc. Comisión de Estudios y Experiencias del Material y Servicios de Administración Militar ; [Centro técnico de Intendencia Militar].
260 ## - PUBLICACIÓN, DISTRIBUCIÓN, ETC.
Lugar de publicación, distribución, etc. Madrid :
Nombre del editor, distribuidor, etc. Mateu,
Fecha de publicación, distribución, etc. [1908 ?]
300 ## - DESCRIPCIÓN FÍSICA
Extensión XV, 80 p. ;
Dimensiones 49 cm.
500 ## - NOTA GENERAL
Nota general Año tomado de p. VI.
650 14 - PUNTO DE ACCESO ADICIONAL DE MATERIA--TÉRMINO DE MATERIA
Término de materia o nombre geográfico como elemento de entrada Producto interior bruto-
Subdivisión geográfica España-
Subdivisión de forma Estadísticas.
9 (RLIN) 16446
710 2# - ENTRADA AGREGADA--NOMBRE DE ENTIDAD CORPORATIVA
Nombre de entidad corporativa o nombre de jurisdicción como elemento de entrada Centro Técnico de Intendenca Militar.
9 (RLIN) 2791
852 ## - LOCALIZACIÓN
Ubicación ES-MaACL
Número de control de estantería GF-39
Holdings
Estatus retirado Estado de pérdida Estado de daño No para préstamo Biblioteca de origen Biblioteca actual Ubicación en estantería Fecha de adquisición Fuente de adquisición Total de préstamos Signatura topográfica completa Código de barras Visto por última vez Precio de reemplazo Tipo de ítem Koha
        Biblioteca del Ateneo de Madrid Biblioteca del Ateneo de Madrid Depósito 2 17/01/2008     GF-39 1107310 23/02/2023 23/02/2023 Libro impreso